[Event "BL2-S9495"]
[Site "Germany"]
[Date "1995.??.??"]
[Round "?"]
[White "Mudelsee, Manfred"]
[Black "Goetz, Ralph"]
[Result "1/2-1/2"]
[WhiteElo "2275"]
[BlackElo "2350"]

1.e4 c5 2.Nf3 Nc6 3.Nc3 e5 4.Bc4 Be7 5.O-O d6 6.Nd5 Nf6 7.d3 h6 8.Ne1 O-O
9.f4 exf4 10.Nxe7+ Qxe7 11.Bxf4 Ne5 12.Bb3 Bg4 13.Qd2 b5 14.h3 Bd7 15.a3 c4
16.Ba2 Bc6 17.Nf3 Nxf3+ 18.Rxf3 Qe6 19.Raf1 d5 20.e5 Nd7 21.d4 f6 22.exf6 Rxf6
23.Bg3 Raf8 24.Re1 Qf7 25.Ref1 Qg6 26.Rxf6 Rxf6 27.Bh4 Rxf1+ 28.Kxf1 Qe4
29.Qe1 Qf4+ 30.Qf2 Qe4 31.Qe1 g5 32.Qxe4 dxe4 33.Bf2 Nb6 34.d5 Bxd5 35.Bxb6 axb6
36.Ke2 Kg7 37.Ke3 Kf6 38.c3 Ke5 39.Bb1 h5 40.Bc2 Bc6 41.Bd1 Be8 42.Be2 Bf7  1/2-1/2

[Event "Landesliga S9495 Bayern"]
[Site "Germany"]
[Date "1995.??.??"]
[Round "4"]
[White "Taggatz, Mario"]
[Black "Poellner, Ludwig"]
[Result "1/2-1/2"]
[WhiteElo "2005"]
[BlackElo "2065"]

1.e4 c5 2.Nc3 Nc6 3.Nge2 Nf6 4.d4 cxd4 5.Nxd4 e5 6.Ndb5 d6 7.Bg5 a6 8.Na3 b5
9.Bxf6 gxf6 10.Nd5 f5 11.Bd3 Be6  1/2-1/2

[Event "Glorney Cup U20"]
[Site "?"]
[Date "1995.??.??"]
[Round "?"]
[White "Cobb, Charles"]
[Black "Balcerak, Jakob"]
[Result "1/2-1/2"]
[WhiteElo "2170"]
[BlackElo "2250"]

1.e4 c5 2.Nc3 Nc6 3.Nf3 d6 4.d4 cxd4 5.Nxd4 Nf6 6.Be2 e6 7.Be3 a6 8.g4 Nxd4
9.Qxd4 b5 10.g5 Nd7 11.Rg1 Bb7 12.O-O-O Rc8 13.f4 Qa5 14.a3 Rxc3 15.Qxc3 Qxc3
16.bxc3 Bxe4 17.c4 bxc4 18.Bxc4 d5 19.Bxa6 Bxa3+ 20.Kd2 Bb4+ 21.c3 Bd6 22.Bb5 Ke7
23.Bxd7 Kxd7 24.Ra1 Rb8 25.Ra7+ Ke8 26.Rga1 e5 27.fxe5 Bxe5 28.Ra8 Bxc3+  1/2-1/2

[Event "Glorney Cup U20"]
[Site "?"]
[Date "1995.??.??"]
[Round "?"]
[White "Cobb, Charles"]
[Black "Gillen, Adrian"]
[Result "0-1"]
[WhiteElo "2170"]
[BlackElo "2225"]

1.e4 c5 2.Nc3 Nc6 3.Nf3 g6 4.d4 cxd4 5.Nxd4 Bg7 6.Be3 Nf6 7.Nxc6 bxc6 8.e5 Ng8
9.Bd4 Nh6 10.e6 Bxd4 11.Qxd4 O-O 12.exd7 Bxd7 13.O-O-O Bg4 14.f3 Qxd4 15.Rxd4 Be6
16.Ba6 Nf5 17.Rd2 Nd6 18.Re1 Rfd8 19.Red1 Rdb8 20.b3 Kg7 21.Bd3 c5 22.Be4 Nxe4
23.Nxe4 c4 24.Nc5 Bf5 25.g4 cxb3 26.axb3 Bc8 27.Rd3 Rb5 28.Nd7 Rb7  0-1

[Event "Groningen op"]
[Site "Groningen"]
[Date "1995.??.??"]
[Round "?"]
[White "Perdomo, Carlos Andres"]
[Black "Gasimov, Ragim"]
[Result "1-0"]
[WhiteElo "2320"]
[BlackElo "2420"]

1.e4 c5 2.Nc3 Nc6 3.Nf3 d6 4.Bb5 a6 5.Bxc6+ bxc6 6.O-O e5 7.d3 g6 8.Ne2 Bg7
9.c3 Ne7 10.Be3 f5 11.Qb3 h6 12.exf5 Bxf5 13.d4 Bd3 14.Rfe1 c4 15.Qa4 e4
16.Nd2 d5 17.Nf4 Kf7 18.Nxd3 cxd3 19.f3 exf3 20.Nxf3 Re8 21.Qd1 Rb8 22.b4 a5
23.a3 Nf5 24.Qxd3 Qc7 25.Qd2 Re4 26.Bf2 Rbe8 27.Rxe4 dxe4 28.Qa2+ Re6 29.Re1 Ke7
30.d5 cxd5 31.Bc5+ Ke8 32.Qxd5 Qd7 33.Qc4 axb4 34.axb4 g5 35.Nd4 Bxd4+ 36.cxd4 Nd6
37.Rf1 e3 38.Bxd6 Qxd6 39.d5  1-0

[Event "Haarlem op"]
[Site "Haarlem"]
[Date "1995.??.??"]
[Round "2"]
[White "Knoppert, Erik G J"]
[Black "Willemsen, Jos"]
[Result "1-0"]
[WhiteElo "2400"]
[BlackElo "2280"]

1.e4 c5 2.Ne2 Nc6 3.Nbc3 g6 4.d4 cxd4 5.Nxd4 Bg7 6.Be3 d6 7.Be2 Nf6 8.O-O O-O
9.Kh1 Nxd4 10.Bxd4 Qa5 11.f4 e5 12.Be3 Qb4 13.Qd3 Be6 14.a3 Qa5 15.f5 Bd7
16.fxg6 fxg6 17.Qxd6 Bc6 18.Bc5 Kh8 19.b4 Qd8 20.b5 Nxe4 21.Qxd8 Rfxd8 22.bxc6 Nxc5
23.c7 Rd7 24.Nb5 Rc8 25.Rad1 h5 26.Rxd7 Nxd7 27.Rf7 Nb6 28.Nd6 Ra8 29.Bf3 e4
30.Bxe4 Be5 31.Bxb7  1-0

[Event "Haarlem op"]
[Site "Haarlem"]
[Date "1995.??.??"]
[Round "6"]
[White "Van Mil, Johannes A J"]
[Black "Kuijf, Marinus"]
[Result "0-1"]
[WhiteElo "2475"]
[BlackElo "2465"]

1.e4 c5 2.Nc3 Nc6 3.Nge2 Nf6 4.g3 g6 5.Bg2 Bg7 6.O-O O-O 7.d3 d6 8.h3 Rb8
9.Be3 b5 10.Qd2 b4 11.Nd1 e5 12.f4 Nd4 13.f5 d5 14.g4 dxe4 15.g5 exd3 16.cxd3 Bxf5
17.Bxd4 cxd4 18.gxf6 Bxf6 19.Ng3 Be6 20.Ne4 Be7 21.Qe1 Rc8 22.Nd2 Rc2 23.Nf3 f6
24.Rf2 Rc7 25.Re2 Qd7 26.Nf2 Rfc8 27.Qd1 Bf8 28.Qd2 a5 29.Ne4 Bg7 30.Kh2 Bd5
31.Qe1 Rc2 32.b3 Qf5 33.Kg1 Qf4 34.Rd1 Rc1 35.Nfd2 Rxd1 36.Qxd1 Bxe4 37.Rxe4 Qg5
38.Nc4 f5 39.Re1 Rc5 40.Kh1 Qg3 41.Qe2 Bh6 42.Nxe5 Rc2 43.Bd5+ Kg7 44.Qxc2 Qxe1+
45.Kg2 Qxe5 46.Bf3 Be3 47.Qc6 Kh6 48.h4  0-1

[Event "Wch U20"]
[Site "Halle"]
[Date "1995.??.??"]
[Round "6"]
[White "Krstevski, Sasko"]
[Black "Arias, Jorge"]
[Result "1/2-1/2"]
[WhiteElo "2220"]
[BlackElo "2030"]

1.e4 c5 2.Nc3 Nc6 3.Nge2 g6 4.d4 cxd4 5.Nxd4 Bg7 6.Be3 Nf6 7.Nxc6 bxc6 8.e5 Ng8
9.Bf4 Qa5 10.Qd4 Rb8 11.Bc4 d5 12.Bb3 Rb4 13.Qd2 d4 14.Ne2 c5 15.a3 Rb5 16.Qxa5 Rxa5
17.Bc4 Bh6 18.e6 Bxe6 19.Bc7 Bxc4 20.Bxa5 Bg7 21.Nf4 Nf6 22.Nd3 Nd7 23.f4 Bd5
24.O-O c4 25.Ne1 f6 26.Nf3 e5 27.Rfe1 O-O 28.Bc7 Rc8 29.Bd6 Rc6 30.fxe5 Bxf3
31.e6 Ne5 32.e7 Kf7 33.Bxe5 fxe5 34.gxf3 Re6 35.Rab1 Rxe7 36.b4 Bh6 37.Red1 d3
38.cxd3 c3 39.Rbc1 Bxc1 40.Rxc1 Rc7 41.Rc2 Ke6 42.Kf2 Kd5 43.Ke3 g5 44.h3 a6
45.a4 h6 46.b5 axb5 47.axb5 Rc5 48.b6 Kc6 49.d4 exd4+ 50.Kxd4 Kxb6 51.Rxc3 Rxc3
52.Kxc3 Kc5 53.Kd3 Kd5 54.Ke3 Ke5 55.h4  1/2-1/2

[Event "Wch U20"]
[Site "Halle"]
[Date "1995.??.??"]
[Round "11"]
[White "Perdomo, Carlos Andres"]
[Black "Riegler, Primoz"]
[Result "0-1"]
[WhiteElo "2320"]
[BlackElo "2285"]

1.e4 c5 2.Nf3 Nc6 3.Nc3 g6 4.b3 Bg7 5.Bb2 d6 6.Be2 e5 7.d3 Nge7 8.h4 h6 9.Qd2 Be6
10.h5 g5 11.Nh2 Qd7 12.O-O-O Nd4 13.g3 b5 14.Rhg1 a5 15.Rdf1 a4 16.Bd1 c4
17.Ne2 axb3 18.axb3 Nxe2+ 19.Qxe2 Qc6 20.c3 cxb3 21.Nf3 d5 22.Nd2 d4 23.c4 bxc4
24.dxc4 O-O 25.Bxb3 Rab8 26.Qd3 Qa6 27.f4 Nc6 28.f5 Nb4 29.Qf3 Bd7 30.g4 Rfc8
31.Rg3 Bf8 32.Kd1 Ba4 33.Bxa4 Qxa4+ 34.Qb3 Nd3 35.Rxd3 Rxb3 36.Rxb3 Rb8 37.Rf3 Rxb3
38.Nxb3 Qxc4 39.Nd2 Qa4+ 40.Nb3 d3 41.Rxd3 Qxe4 42.Kc2 f6  0-1

[Event "Wch U20"]
[Site "Halle"]
[Date "1995.??.??"]
[Round "13"]
[White "Sergejev, Roman"]
[Black "Shaked, Tal"]
[Result "1/2-1/2"]
[WhiteElo "2345"]
[BlackElo "2430"]

1.e4 c5 2.Nc3 Nc6 3.Nf3 e5 4.Bc4 Be7 5.d3 d6 6.Nd5 Nf6 7.O-O Nxd5 8.Bxd5 O-O
9.c3 Bf6 10.h3 Rb8 11.Be3 Ne7 12.Bb3 b5 13.d4 Qc7 14.Nh2 Ng6 15.Ng4 Be7 16.Bd5 Kh8
17.dxc5 dxc5 18.Qe2 c4 19.a4 f5 20.exf5 Bxf5 21.Rfd1 Bd3 22.Rxd3 cxd3 23.Qxd3 b4
24.Be4 Rfd8 25.Qa6 bxc3 26.bxc3 Nf4 27.Qxa7 Qxc3 28.Rf1 Qb4 29.f3 Ne2+ 30.Kh2 Bh4
31.Nh6 Ng3 32.Rc1 Nxe4 33.Nf7+ Kg8 34.Nxd8 Bg3+ 35.Kg1 Rxd8 36.fxe4 Qxe4
37.a5 h6 38.Rf1 Rd3 39.Bxh6 Qd4+ 40.Qxd4 exd4 41.Bf4 Bxf4 42.Rxf4 Ra3 43.Rxd4 Rxa5
44.Rd6 Ra2 45.Kh2 Ra3 46.h4 Kh7 47.g3 Ra2+ 48.Kh3 Ra4 49.Re6 Rb4 50.Kg2 Rb3
51.Kf2 Ra3 52.Re3 Ra4 53.Kf3 Kg6 54.Re4 Ra3+ 55.Kg4 Ra5 56.Rd4 Rb5 57.Rd6+ Kf7
58.h5 Ra5 59.Kh4 Rb5 60.g4 Ra5 61.Rb6 Rc5 62.g5 Rc4+ 63.Kg3 Ra4 64.Rb7+ Kf8
65.Rb8+ Kf7 66.Rb7+ Kf8 67.Rd7 Rb4 68.g6 Rb8 69.Kf4 Re8 70.Kf5 Kg8  1/2-1/2

[Event "Wichern op"]
[Site "Hamburg"]
[Date "1995.??.??"]
[Round "1"]
[White "Stephan, Axel"]
[Black "Weindl, Alfred"]
[Result "0-1"]
[WhiteElo "2155"]
[BlackElo "2350"]

1.e4 c5 2.Nc3 Nc6 3.Nge2 d6 4.g3 Bg4 5.Bg2 e5 6.h3 Be6 7.f4 f6 8.O-O Qd7
9.Kh2 O-O-O 10.a3 g6 11.Nd5 Bg7 12.d3 h5 13.fxe5 dxe5 14.Be3 f5 15.h4 Nh6
16.Bxc5 Kb8 17.c4 f4 18.gxf4 exf4 19.Nexf4 Nd4 20.Qe1 Nb3 21.Bg1 Bxd5 22.cxd5 Nxa1
23.Qxa1 Qg4 24.Bf2 Be5 25.Bg3 g5 26.Bh3 gxf4 27.Bxg4 Nxg4+ 28.Kh3 fxg3 29.Rf5 Rdg8
30.Qg1 g2 31.d4 Nf2+ 32.Qxf2 g1=Q 33.Rf8+ Rxf8 34.Qxg1 Rf3+  0-1

[Event "Wichern op"]
[Site "Hamburg"]
[Date "1995.??.??"]
[Round "1"]
[White "Westerinen, Heikki MJ"]
[Black "Kroeger, Fabian"]
[Result "1-0"]
[WhiteElo "2375"]
[BlackElo "2190"]

1.e4 c5 2.Nc3 Nc6 3.Bb5 Nd4 4.a4 g6 5.Nge2 Bg7 6.O-O e6 7.Nxd4 cxd4 8.Ne2 Ne7
9.c3 a6 10.Bd3 Nc6 11.b3 O-O 12.Bb2 d5 13.Rc1 Ne5 14.Bb1 d3 15.Ng3 dxe4 16.Nxe4 f5
17.Ng3 f4 18.Ne4 f3 19.g3 g5 20.Re1 Qe8 21.Nxg5 Qh5 22.h4 h6 23.Rxe5 Bxe5
24.Ne4 b6 25.Bxd3 Ra7 26.Qf1 Rg7 27.Qh3 Kh8 28.Re1 Bf4 29.c4 e5 30.Qh2 Bf5
31.Kh1 Bxd2 32.Nxd2 Bxd3 33.Rxe5 Rf5 34.Re3 Be2 35.Qh3 Qf7 36.Qg4 Rf6 37.Bxf6 Qxf6
38.Qe6 Qa1+ 39.Kh2 Qe1 40.Qxh6+  1-0

[Event "Harkany op "]
[Site "Harkany"]
[Date "1995.??.??"]
[Round "?"]
[White "Zemerov, Vladimir"]
[Black "Gal, Karoly"]
[Result "1-0"]
[WhiteElo "2420"]
[BlackElo "2215"]

1.Nf3 c5 2.e4 Nc6 3.Nc3 d6 4.Bb5 Bd7 5.Bxc6 Bxc6 6.d4 cxd4 7.Qxd4 Nf6 8.Bg5 Qb6
9.Qxb6 axb6 10.Bxf6 gxf6 11.O-O Bh6 12.Nd5 Bxd5 13.exd5 Kd7 14.Rfd1 Rhc8
15.c3 Ra4 16.a3 Re4 17.Kf1 Rc5 18.Rd3 e5 19.g3 Bg5 20.Rad1 Ra4 21.Ne1 Rac4
22.h4 Bh6 23.Rf3 Ke7 24.Nc2 Re4 25.Rf5 Rg4 26.Rh5 Rg6 27.Kg2 Kf8 28.Kh3 Rc4
29.Re1 Kg7 30.f3 Bd2 31.Re2 Bc1 32.Nb4 Rh6 33.Rxh6 Bxh6 34.Re4 Rc5 35.Kg4 Kf8
36.Kf5 Ke7 37.a4 Bd2 38.Re2 Bh6 39.Ke4 Rc4+ 40.Kd3 Rc5 41.c4 f5 42.g4 Bf4
43.gxf5 Kf6 44.Rg2 Rc7 45.Rg8 Kxf5 46.b3 h6 47.Nc2 Re7 48.Rd8 e4+ 49.fxe4+ Kg4
50.Nd4 h5 51.Rg8+ Kh3 52.Nf5 Rd7 53.Ke2 f6 54.Kf3 Be5 55.Rg1 Kh2 56.Rg2+ Kh3
57.Rg8 Rh7 58.Rc8 Bh2 59.b4 Be5 60.c5 bxc5 61.bxc5 dxc5 62.Rxc5 Rd7 63.Rc1 Kh2
64.d6 Rd8 65.Rd1 Rd7 66.Rd2+ Kh3 67.Rd3 Kh2 68.Rd1 b6 69.Rd5 Kh3 70.Rd2 Bc3
71.Rd1 Be5 72.Rb1 Ra7 73.Rh1+ Bh2 74.Ne3 Rxa4 75.d7 Ra8 76.Nf1  1-0

[Event "Harkany op "]
[Site "Harkany"]
[Date "1995.??.??"]
[Round "?"]
[White "Zemerov, Vladimir"]
[Black "Varga, Peter"]
[Result "1-0"]
[WhiteElo "2420"]
[BlackElo "2415"]

1.e4 c5 2.Nc3 Nc6 3.Nf3 d6 4.Bb5 Bd7 5.Bxc6 Bxc6 6.d4 cxd4 7.Qxd4 e6 8.Bg5 Nf6
9.O-O-O Be7 10.Rhe1 O-O 11.Qd2 Qc7 12.Nd4 Rfc8 13.f3 Rab8 14.Kb1 b5 15.g4 b4
16.Nce2 h6 17.Nxc6 Qxc6 18.Be3 d5 19.g5 hxg5 20.e5 Nh7 21.Rg1 f5 22.h4 gxh4
23.Nd4 Qd7 24.Bh6 Bf8 25.Rg6 Re8 26.Rdg1 Re7 27.Qh2 Qc7 28.Bxg7 Bxg7 29.Rxg7+ Rxg7
30.Nxe6 Qc4 31.b3 Qc3 32.Rxg7+ Kh8 33.Qxh4  1-0

[Event "Hastings Masters"]
[Site "Hastings"]
[Date "1995.??.??"]
[Round "1"]
[White "Taylor, Peter"]
[Black "Sahetchian, Armand"]
[Result "1-0"]
[WhiteElo "2205"]
[BlackElo "2145"]

1.e4 c5 2.Nc3 Nc6 3.Nge2 Nf6 4.d4 cxd4 5.Nxd4 e5 6.Ndb5 d6 7.Bg5 a6 8.Na3 b5
9.Nd5 Be7 10.Bxf6 Bxf6 11.c3 O-O 12.Bd3 Bg5 13.Nc2 Ne7 14.Nxe7+ Qxe7 15.a4 Bb7
16.O-O bxa4 17.Rxa4 a5 18.Na3 Bc6 19.Bb5 Qb7 20.Bxc6 Qxc6 21.Qc2 Rfb8 22.Nc4 Bd8
23.Rd1 Bc7 24.Rda1 Rb5 25.Ne3 Rab8 26.Nd5 Bd8 27.R4a2 Qb7 28.b4 f5 29.c4 Rxb4
30.Nxb4 Qxb4 31.exf5 Bb6 32.g3 Bd4 33.Rc1 Rf8 34.Qe4 a4 35.Qd5+ Kh8 36.Qb5 Qb3
37.Qxa4 Bxf2+ 38.Kg2 Qe3 39.Qa8 Rg8 40.Rf1 Be1 41.Qf3 Qxf3+ 42.Kxf3 Bb4 43.Rb1 Bc5
44.Rab2 Rf8 45.Rb8 Kg8 46.Rxf8+ Kxf8 47.Rb7 g6 48.f6  1-0

[Event "Hastings Masters"]
[Site "Hastings"]
[Date "1995.??.??"]
[Round "2"]
[White "Hunt, Harriet"]
[Black "Rashkovsky, Nukhim N"]
[Result "1/2-1/2"]
[WhiteElo "2385"]
[BlackElo "2560"]

1.e4 c5 2.Nc3 Nc6 3.Nge2 e5 4.Nd5 d6 5.Nec3 a6 6.a4 Be7 7.Bc4 Bg5 8.h4 Bh6
9.g4 Bf4 10.Nxf4 exf4 11.d3 f3 12.Qxf3 Ne5 13.Qf4 Bxg4 14.Bxf7+ Kd7 15.Bxg8 Rxg8
16.Qg3 Nf3+ 17.Kd1 h5 18.Bf4 Qf6 19.Kc1 Raf8 20.Nd5 Qe6 21.c3 Rf7 22.Kc2 Rgf8
23.Be3 Re8 24.a5 Ne5 25.Nf4 Qe7 26.Nd5 Qe6 27.Nf4 Qf6 28.b3 Nf3 29.Nd5 Qe6
30.Rab1 Ne5 31.Nf4 Qe7 32.Nd5 Qe6 33.Nf4 Qf6 34.Nd5 Qg6 35.Nf4 Qf6 36.Nd5  1/2-1/2

[Event "Hastings Masters"]
[Site "Hastings"]
[Date "1995.??.??"]
[Round "5"]
[White "Taylor, Peter"]
[Black "Nataf, Igor Alexandre"]
[Result "0-1"]
[WhiteElo "2205"]
[BlackElo "2370"]

1.e4 c5 2.Nc3 Nc6 3.Nge2 d6 4.d4 cxd4 5.Nxd4 e5 6.Ndb5 a6 7.Na3 b5 8.Nd5 Nge7
9.c3 Nxd5 10.exd5 Ne7 11.c4 g6 12.Bg5 Bg7 13.Qd2 h6 14.Bxe7 Qxe7 15.cxb5 O-O
16.Be2 e4 17.O-O f5 18.Nc4 f4 19.Rfe1 axb5 20.Nb6 e3 21.fxe3 fxe3 22.Qc2 Bf5
23.Bd3 Rab8 24.Bxf5 Rxf5 25.Qc6 Bd4 26.Nc8 Qf8  0-1

[Event "Hastings Masters"]
[Site "Hastings"]
[Date "1995.??.??"]
[Round "6"]
[White "Briggs, Philip J"]
[Black "Wilson, Jonathan"]
[Result "0-1"]
[WhiteElo "2280"]
[BlackElo "2245"]

1.Nc3 c5 2.Nf3 Nc6 3.e4 Nf6 4.Be2 e5 5.O-O Be7 6.d3 O-O 7.Nd5 d6 8.Nxe7+ Qxe7
9.c3 Ne8 10.Re1 f5 11.exf5 Bxf5 12.d4 cxd4 13.cxd4 e4 14.Bc4+ Kh8 15.Bg5 Qd7
16.Nh4 d5 17.Bb3 h6 18.Be3 Bh7 19.Qh5 Ne7 20.g3 Nf6 21.Qe2 g5 22.Ng2 Qh3
23.Bd1 Bf5 24.Qd2 Bg4 25.Bxg5 hxg5 26.Qxg5 Bxd1 27.Nf4 Qg4 28.Qh6+ Nh7 29.h3 Qg5
30.Qxg5 Nxg5 31.Rexd1 Rxf4 32.gxf4 Nxh3+ 33.Kh2 Nxf4 34.Rg1 Rg8 35.Rxg8+ Kxg8
36.Rd1 Nf5 37.Rc1 Ne6 38.Rc8+ Kf7 39.Rb8 Nd6 40.Kg3 Nxd4 41.Rh8 Nf3 42.Kf4 d4
43.Rh6 Ke7 44.Rxd6 Kxd6 45.Kxe4 Ne5 46.Kxd4 Ng6 47.Kc4 Ke5 48.b4 Nf4 49.a4 Ne6
50.b5 b6 51.Kb4 Kd4 52.a5 Nf4 53.f3 Ne6  0-1

[Event "Hastings Masters"]
[Site "Hastings"]
[Date "1995.??.??"]
[Round "6"]
[White "Cooper, Lawrence"]
[Black "Nataf, Igor Alexandre"]
[Result "1/2-1/2"]
[WhiteElo "2315"]
[BlackElo "2370"]

1.e4 c5 2.Nf3 Nc6 3.Nc3 d6 4.d4 cxd4 5.Nxd4 e5 6.Ndb5 a6 7.Na3 b5 8.Nd5 Nge7
9.c4 Nd4 10.Nc2 Nxd5 11.cxd5 Bg4 12.Qd3 Nxc2+ 13.Qxc2 Rc8 14.Qd3 Be7 15.Be2 Bxe2
16.Qxe2 Bg5 17.O-O O-O 18.a4  1/2-1/2

[Event "Hastings Masters"]
[Site "Hastings"]
[Date "1995.??.??"]
[Round "8"]
[White "Hebden, Mark"]
[Black "Dunnington, Angus J"]
[Result "1/2-1/2"]
[WhiteElo "2570"]
[BlackElo "2385"]

1.e4 c5 2.Nc3 Nc6 3.Bb5 g6 4.Bxc6 dxc6 5.d3 Nf6 6.Bg5 Nd7 7.Qd2 h6 8.Be3 e5
9.Nge2 Qe7 10.O-O Bg7 11.a3 b6 12.Kh1 Bb7 13.Ng1 Nf8 14.f4 exf4 15.Rxf4 Bc8
16.Rb1 Nd7 17.Rff1 Ne5 18.Nf3 Be6 19.Nxe5 Bxe5 20.b4 cxb4 21.axb4 Rd8 22.b5 c5
23.Bf4 Bxf4 24.Qxf4 Qg5 25.Qc7 O-O 26.Ne2 Rd7 27.Qf4 c4 28.h4 Qg4 29.Rf3 cxd3
30.cxd3 Qxf4 31.Nxf4 Bg4 32.Rg3 h5 33.Rb4 Rfd8 34.Ra4 Kg7 35.Kg1 Rc8 36.Rb4 Rc1+
37.Kf2 Rc2+ 38.Ke3 f6 39.d4 Rdc7 40.Nd5 Re2+ 41.Kd3 Rcc2 42.Ra4 f5 43.Rxa7+ Kh6
44.e5 Red2+ 45.Ke3 Re2+ 46.Kd3 Red2+ 47.Ke3 Re2+ 48.Kd3 Red2+ 49.Ke3 Re2+
50.Kd3 Red2+ 51.Ke3 Re2+  1/2-1/2

[Event "Hastings op9495"]
[Site "Hastings"]
[Date "1995.??.??"]
[Round "9"]
[White "Nelson, Jonathan"]
[Black "Lemmers, Oscar"]
[Result "1-0"]
[WhiteElo "2245"]
[BlackElo "2365"]

1.e4 c5 2.Nc3 Nc6 3.Nge2 e6 4.g3 g6 5.d4 b6 6.Bg2 Ba6 7.d5 Nb8 8.Bf4 g5 9.dxe6 Nh6
10.Be5 f6 11.Qd5 Ng4 12.Qxa8 Nxe5 13.O-O-O Bg7 14.f4 gxf4 15.gxf4 Nec6 16.Rxd7 Qxd7
17.exd7+ Kxd7 18.Rd1+ Kc7 19.Nd5+ Kc8 20.Bh3+  1-0

[Event "Helsinki PC-SuperSto"]
[Site "Helsinki"]
[Date "1995.??.??"]
[Round "?"]
[White "Pyhala, Antti"]
[Black "Nykopp, Jan Michael F"]
[Result "1-0"]
[WhiteElo "2350"]
[BlackElo "2250"]

1.e4 c5 2.Nc3 Nc6 3.Nge2 e5 4.Nd5 Nge7 5.Nec3 Nxd5 6.Nxd5 d6 7.Bc4 Ne7 8.O-O Be6
9.d3 Nxd5 10.exd5 Bd7 11.f4 f6 12.a4 Qc7 13.c3 O-O-O 14.b4 cxb4 15.cxb4 Kb8
16.Be3 exf4 17.Bd4 Rc8 18.Qd2 Ka8 19.a5 Be7 20.Bb6 Qb8 21.b5 Bd8 22.Rfb1 Re8
23.Bxa7 Qxa7+ 24.b6 Qb8 25.a6 Rxc4 26.dxc4 Bf5 27.Qa5  1-0

[Event "Helsinki-ch"]
[Site "Helsinki"]
[Date "1995.??.??"]
[Round "?"]
[White "Niemela, Antti"]
[Black "Kanko, Ilkka"]
[Result "1-0"]
[WhiteElo "2190"]
[BlackElo "2345"]

1.e4 c5 2.Nc3 Nc6 3.Nge2 d6 4.d4 cxd4 5.Nxd4 e6 6.Bc4 Nge7 7.Bg5 a6 8.Nb3 h6
9.Be3 b5 10.Be2 Ng6 11.O-O Be7 12.f4 O-O 13.Qd2 Bb7 14.Rad1 Rc8 15.Kh1 Nb8
16.a3 Nd7 17.Qe1 Bh4 18.Bf2 Bf6 19.Bd4 Qe7 20.Bxf6 Nxf6 21.Bd3 Nh5 22.f5 Ne5
23.Nd4 Rce8 24.Be2 Nf6 25.Bd3 Nc6 26.Nde2 Ng4 27.Qg3 Nce5 28.Nd4 Qg5 29.Nf3 Nxf3
30.Rxf3 d5 31.fxe6 fxe6 32.Rdf1 Nf6 33.Qxg5 hxg5 34.exd5 exd5 35.Ne2 Re5
36.Rf5 Rfe8 37.Nd4 Ng4 38.Rxe5 Rxe5 39.h3 Nf6 40.Rf5 Rxf5 41.Bxf5 Ne8 42.Bd7 Nd6
43.Ne6 Nc4 44.Nc5 Ba8 45.Nxa6 Nxb2 46.Nc7 Bb7 47.Nxb5 Kf8 48.Nd4 Ke7 49.Bb5 Kd6
50.Nf5+ Kc5 51.Be8 d4 52.Nxg7 Be4 53.Ne6+ Kc4 54.Nxg5 Bxc2 55.Nf3 Kc3 56.h4 Be4
57.Ng5 Bd5 58.Bf7 Bxf7 59.Nxf7 d3 60.Ng5 Kd4 61.Kg1 Ke3 62.Nf3 Nc4 63.a4 Ke2
64.h5 Ne5 65.Nd4+ Kd2 66.Kf1 Kc3 67.Nf5 Ng4 68.Ke1 Kc2 69.Nd4+ Kc1 70.Nf3 Ne3
71.h6 Nxg2+ 72.Kf2 Nh4 73.h7 Ng6 74.a5  1-0

[Event "Hofheim MVT"]
[Site "Hofheim"]
[Date "1995.??.??"]
[Round "11"]
[White "Chandler, Patrick"]
[Black "Lisanti, Andre"]
[Result "0-1"]
[WhiteElo "2145"]
[BlackElo "2305"]

1.e4 c5 2.Nf3 Nc6 3.Nc3 d6 4.Be2 g6 5.d4 cxd4 6.Nxd4 Bg7 7.Be3 Nf6 8.O-O O-O
9.Kh1 Bd7 10.f4 Rc8 11.Nb3 a6 12.a4 Nb4 13.a5 Bc6 14.Bf3 Nd7 15.Nd4 Bxd4
16.Bxd4 e5 17.Be3 exf4 18.Bxf4 Ne5 19.Be2 Re8 20.Qd2 d5 21.Bg5 Qd6 22.exd5 Nxd5
23.Ne4 Qe6 24.Rf6 Nxf6 25.Nxf6+ Kh8 26.Qf4 Qh3 27.Rg1 Re6 28.Bf1 Qf5 29.Qh4 h5
30.Be2 Kg7 31.Rf1 Qxc2 32.Qf2 Rc7 33.h3 Nd3 34.Nxh5+ gxh5 35.Bf6+ Kf8 36.Bg7+ Kxg7
37.Qg3+ Rg6  0-1

[Event "HUN-chT1"]
[Site "HUN"]
[Date "1995.??.??"]
[Round "?"]
[White "Tornai, Imre"]
[Black "Horvath, Sandor"]
[Result "1/2-1/2"]
[WhiteElo "2250"]
[BlackElo "2300"]

1.e4 c5 2.Nf3 Nc6 3.Nc3 e5 4.Bc4 d6 5.h3 h6 6.d3 g5 7.Be3 Bg7 8.a3 Be6 9.Nd5 Nge7
10.c3 O-O 11.Nh2 Ng6 12.Qh5 Nce7 13.Ng4 Bxd5 14.Bxd5 Nxd5 15.exd5 Kh7 16.h4 Nf4
17.Bxf4 gxf4 18.Qf5+ Kh8 19.g3 Qc8 20.Qh5 Kh7 21.Nxh6 Bxh6 22.g4 Rg8 23.g5 Rg6
24.gxh6 Qg4 25.Qxg4 Rxg4 26.Ke2 f5 27.b4 Rc8 28.bxc5 Rxc5 29.c4 Kxh6 30.Rab1 Rc7
31.a4 e4 32.Rb4 Re7 33.Rhb1 b6 34.a5 f3+ 35.Kd2 e3+ 36.fxe3 Rg2+ 37.Kc3 f2
38.axb6 axb6 39.Rf1 Rxe3 40.Rb2 Rgg3 41.Rfxf2 Rxd3+ 42.Kb4 Kg6 43.Kb5 Rh3
44.Rf4 Rdf3 45.Rxf3 Rxf3 46.Kxb6 Rf4 47.c5 dxc5 48.Kxc5 Rxh4 49.d6 Rh8 50.d7 f4
51.Re2 Rd8 52.Kd6 Kf5 53.Re8 Rxd7+ 54.Kxd7 f3 55.Kd6 Kf4 56.Kd5 f2 57.Kd4 Kf3
58.Rf8+ Ke2  1/2-1/2

[Event "HUN-chT1"]
[Site "HUN"]
[Date "1995.??.??"]
[Round "?"]
[White "Tompa, Janos"]
[Black "Honos, Attila"]
[Result "1/2-1/2"]
[WhiteElo "2450"]
[BlackElo "2310"]

1.e4 c5 2.Nf3 Nc6 3.Nc3 g6 4.d4 cxd4 5.Nxd4 Bg7 6.Nb3 Nf6 7.Be2 d6 8.O-O O-O
9.Kh1 a6 10.f4 b5 11.Bf3 e5 12.f5 b4 13.Nd5 Ne7 14.Nxf6+ Bxf6 15.Bh6 Bg7
16.Bxg7 Kxg7 17.Qd2 Rb8 18.f6+ Kxf6 19.Qh6 Ng8 20.Be2+ Ke7 21.Qxh7 a5 22.Qh4+ f6
23.Bc4 Be6 24.Bxe6 Kxe6 25.Qh3+ f5 26.exf5+ gxf5 27.Rae1 Qb6 28.c3 bxc3 29.bxc3 Ne7
30.Nd4+ Kd7 31.Nxf5 Nxf5 32.Rxf5 Rxf5 33.Qxf5+ Kc7 34.Qh7+ Kc6 35.Qe4+ Kc7
36.Rf1 Qc5 37.c4 Qd4 38.Rf7+ Kb6 39.Qxd4+ exd4 40.Rf5 Rc8 41.Rb5+ Ka6 42.Rd5 Rxc4
43.h4 Kb6 44.Rxd6+ Kc7 45.Rd5 Kc6 46.Rd8 Kc7  1/2-1/2

[Event "Papp Bela mem"]
[Site "HUN"]
[Date "1995.??.??"]
[Round "?"]
[White "Kovacs, Gabor"]
[Black "Horvath, Peter"]
[Result "1/2-1/2"]
[WhiteElo "2255"]
[BlackElo "2375"]

1.e4 c5 2.Nf3 Nc6 3.Nc3 e5 4.Bc4 Be7 5.d3 d6 6.Nd2 Nf6 7.Nf1 Be6 8.Ne3 a6
9.a4 Nb4 10.O-O O-O 11.Bxe6 fxe6 12.Ne2 d5 13.c3 Nc6 14.Ng3 d4 15.Nc4 b5
16.axb5 axb5 17.Rxa8 Qxa8 18.Na3 dxc3 19.bxc3 b4 20.Nc4 Qa2 21.Qd2 Qxd2 22.Bxd2 Rd8
23.Nb2 Na5 24.Rb1 h5 25.f3 h4 26.Ne2 Nh5 27.Nc1 Nc6 28.Kf2 Ra8 29.Nc4 Nf6
30.Rb2 Ne8 31.Na2 Rb8 32.Ke1 Nc7 33.Kd1 Kf7 34.Nc1 Nb5 35.Na2 Nc7 36.Nc1 Nb5
37.Na2  1/2-1/2

[Event "HUN-chT2 9495"]
[Site "HUN"]
[Date "1995.??.??"]
[Round "?"]
[White "Babics, Andras"]
[Black "Kopasz, Robert"]
[Result "1/2-1/2"]
[WhiteElo "2260"]
[BlackElo "2280"]

1.e4 c5 2.Nc3 Nc6 3.Nf3 g6 4.Bb5 Bg7 5.Bxc6 bxc6 6.O-O Nf6 7.d3 O-O 8.Be3 d6
9.h3 h6 10.Nh2 e5 11.f4 exf4 12.Bxf4 d5 13.Qf3 Nh5 14.Rae1 Nxf4 15.Qxf4 c4
16.Kh1 Qb6 17.Nd1 cxd3 18.cxd3 Qa6 19.exd5 cxd5 20.d4 Qxa2 21.Re7 Ba6 22.Rfe1 Qa4
23.Nf3 Rae8 24.Nc3 Qc6 25.h4 Bc4 26.h5 Rxe7 27.Rxe7 g5 28.Qf5 Qf6 29.Qxf6 Bxf6
30.Rd7 Rb8 31.Kh2 Rxb2 32.Nxd5 Bxd5 33.Rxd5 Rb4 34.Kg3 Kg7 35.Kg4 a5 36.Rxa5 Bxd4
37.Kg3 Bb6 38.Rf5 Bc7+ 39.Kf2 Bb6+ 40.Kg3 Bc7+ 41.Kf2 Rb2+ 42.Kf1 Bg3 43.Nxg5 Rb1+
44.Ke2 Re1+ 45.Kd2 Rg1 46.Nxf7 Rxg2+ 47.Ke3 Bc7 48.Kf3 Rg1 49.Kf2 Bb6+ 50.Ke2 Rg2+
51.Kd3 Rg3+ 52.Ke4 Re3+  1/2-1/2

[Event "HUN-chT2 9495"]
[Site "HUN"]
[Date "1995.??.??"]
[Round "?"]
[White "Adzic, Slobodan"]
[Black "Magyar, Otto"]
[Result "1-0"]
[WhiteElo "2295"]
[BlackElo "2325"]

1.e4 c5 2.Nf3 Nc6 3.Nc3 d6 4.d4 cxd4 5.Nxd4 Nf6 6.g3 g6 7.Nde2 Bg7 8.Bg2 O-O
9.O-O Bd7 10.h3 Rb8 11.a4 Qc8 12.Kh2 Nb4 13.Be3 Ra8 14.Qd2 a5 15.f4 Bc6 16.Rac1 Rd8
17.Bb6 Re8 18.b3 Ra6 19.Be3 e6 20.Nd4 Rd8 21.f5 e5 22.Ndb5 d5 23.fxg6 fxg6
24.Bg5 dxe4 25.Qf2 Rf8 26.Bxf6 Rxf6 27.Qc5 Ra8 28.Rxf6 Bxf6 29.Nd6 Qe6 30.Ncxe4 Be7
31.Bf1 Kg7 32.Bc4 Bd5 33.Bxd5 Nxd5 34.c4 Nf6 35.Qc7 Nxe4 36.Nxe4 Qc6 37.Qxe7+ Kh8
38.Re1 Rc8 39.Qf6+ Qxf6 40.Nxf6 Kg7 41.Nd7 Rd8 42.Nxe5 Rd2+ 43.Kg1  1-0

[Event "HUN-chT1"]
[Site "HUN"]
[Date "1995.??.??"]
[Round "?"]
[White "Barczay, Laszlo"]
[Black "Hardicsay, Peter"]
[Result "1-0"]
[WhiteElo "2400"]
[BlackElo "2365"]

1.e4 c5 2.Nf3 Nc6 3.Nc3 e6 4.g3 a6 5.Bg2 b5 6.d4 cxd4 7.Nxd4 Bb7 8.O-O Nge7
9.Re1 Nxd4 10.Qxd4 Nc6 11.Qd1 d6 12.a4 b4 13.Na2 Be7 14.Bd2 a5 15.c3 bxc3
16.Nxc3 O-O 17.Nb5 Na7 18.Nxa7 Rxa7 19.Bc3 Qa8 20.Bd4 Ra6 21.Bf1 Rc6 22.Bb5 Rcc8
23.Qe2 e5 24.Bc3 g6 25.Bc4 Kg7 26.Rad1 f6 27.Bd5 Rc5 28.Qg4 Bxd5 29.Rxd5 Rxd5
30.exd5 Qxd5 31.Rd1 Qb3 32.Rd2 f5 33.Qd1 Qxd1+ 34.Rxd1 Kf7 35.Rd5 Ke6 36.Rxa5 f4
37.Rb5 h5 38.a5 Ra8 39.gxf4 exf4 40.Kg2 d5 41.Rb6+ Kf5 42.a6 g5 43.f3 g4
44.Rh6 Kg5 45.Re6 Bc5 46.Re5+ Kg6 47.Rxd5 Be3 48.Rd6+ Kf5 49.h4 gxh3+ 50.Kxh3 Ra7
51.b4 Rc7 52.Rd3 Ba7 53.b5 Rc5 54.Rd7 Rxc3 55.Rxa7 Rxf3+ 56.Kg2 Ra3 57.b6 Ra2+
58.Kf3 Ra3+ 59.Ke2 f3+ 60.Kf2 Kf4 61.b7  1-0